00842nam a22001697a 4500003000900000008004100009040007100050082001600121100002800137245014700165260005700312300002800369505022200397650002100619650001200640650002000652AR-CdUCM190306b ||||| |||| 00| 0 spa d aMUNICIPALIDAD PROVINCIAL DEL CUSCOcBIBLIOTECA MUNICIPAL DEL CUSCO a980 /bSA22 aSánchez, Luis Alberto a¿Existe América Latina? :bexamen espectral de América Latina: civilización y cultura, esencia de la tradición, ataque del mestizo / aLima :bTalleres gráficos P. L. Villanueva,c1968. a227 páginas ;c25 cm. aContenido: El problema de la fisonomía ¿existe América Latina? -- Pendencia y conciliación de la geografía y la historia -- El racismo contra la unidad y esencia de América -- Ataque y defensa del indio ... aAmérica Latina aRacismo aNegros - Indios